Statistiques concernant Quiz Départements Pays de la Loire

Cliquez ici pour prendre le quiz!

Statistiques générales

  • Ce quiz a été pris 90 fois
  • Le résultat moyen est 4 sur 5

Statistiques - réponses

QuestionRéponse% Correct
Course de Bateaux partant des Sables-d'Olonne en VendéeLe Vendée Globe
91%
Ville de Loire-Atlantique connu pour son pontSaint-Nazaire
89%
Région historique dans le département du Maine-et-LoireAnjou
87%
Zoo dans la Sarthe connu pour l'émission Une saison au zooZoo de la Flèche
84%
Maire de Laval dans la Mayenne de 1945 a 1946 et de 1956 a 1971Francis Le Basser
34%

Distribution des résultats

Percentile par nombre de réponses

% des personnes avec chaque résultat

Votre développement - résultats

Vous n’avez pas pris ce quiz